Cornish parliamentary boroughs Quiz Stats

 Plays Quiz not verified by Sporcle

Score 0/22 Timer 06:00
0 Plays Today
Borough % Correct
Truro
89.7%
St Ives
79.3%
Falmouth
75.9%
Bodmin
72.4%
Camelford
48.3%
Launceston
48.3%
Lostwithiel
48.3%
Fowey
44.8%
Penryn
44.8%
East Looe
41.4%
Liskeard
41.4%
Borough % Correct
Saltash
41.4%
West Looe
41.4%
Helston
37.9%
Grampound
27.6%
St Germans
27.6%
Bossiney
20.7%
Mitchell
17.2%
St Mawes
17.2%
Callington
10.3%
Newport
10.3%
Tregony
10.3%

You're not logged in!

Compare scores with friends on all Sporcle quizzes.
OR
Log In

Show Comments

Extras

Top Quizzes Today


Score Distribution

Your Account Isn't Verified!

In order to create a playlist on Sporcle, you need to verify the email address you used during registration. Go to your Sporcle Settings to finish the process.

Report this User

Report this user for behavior that violates our Community Guidelines.

Details: